000 00252nam a2200109Ia 4500
008 230312s9999||||xx |||||||||||||| ||und||
082 _a759.940
_bROB-J
100 _aRobshaq:John
245 0 _aJohn robshaw prints
650 _aArchitecture
942 _cBK
999 _c14530
_d14530